| 000 | 00484nam a2200169 a 4500 | ||
|---|---|---|---|
| 001 | 000015684 | ||
| 005 | 20200929164121.0 | ||
| 008 | 100217s1946 dr 000 0 spa d | ||
| 040 | _aDO-SdBNP | ||
| 082 |
_axxx _bH519l |
||
| 100 | 1 |
_aHenríquez, Homero _910292 |
|
| 245 | 1 | 3 |
_aLa liga de naciones americanas / _cHomero Henríquez. |
| 260 |
_aCiudad Trujillo : _bArte y Cine, _c1946. |
||
| 300 |
_a107 p. ; _c21 cm. |
||
| 500 | _aIncluye notas al pie de las páginas | ||
| 049 | _aBNPD | ||
| 999 |
_c15236 _d15236 |
||